<?xml version="1.0" encoding="UTF-8"?>
<record
    xmlns:xsi="http://www.w3.org/2001/XMLSchema-instance"
    xsi:schemaLocation="http://www.loc.gov/MARC21/slim http://www.loc.gov/standards/marcxml/schema/MARC21slim.xsd"
    xmlns="http://www.loc.gov/MARC21/slim">

  <leader>03427nam a22001937a 4500</leader>
  <controlfield tag="008">120123t        xxu||||| |||| 00| 0 eng d</controlfield>
  <datafield tag="020" ind1=" " ind2=" ">
    <subfield code="a">0273634305</subfield>
  </datafield>
  <datafield tag="050" ind1=" " ind2=" ">
    <subfield code="a">HD30.28.B44</subfield>
  </datafield>
  <datafield tag="100" ind1=" " ind2=" ">
    <subfield code="a">Bennett, Roger</subfield>
  </datafield>
  <datafield tag="245" ind1=" " ind2=" ">
    <subfield code="a">Corporate strategy /</subfield>
    <subfield code="c">Roger Bennett</subfield>
  </datafield>
  <datafield tag="250" ind1=" " ind2=" ">
    <subfield code="a">2nd</subfield>
  </datafield>
  <datafield tag="260" ind1=" " ind2=" ">
    <subfield code="a">Harlow:</subfield>
    <subfield code="b">Prentice Hall;</subfield>
    <subfield code="c">1999.</subfield>
  </datafield>
  <datafield tag="300" ind1=" " ind2=" ">
    <subfield code="a">xiv, 402 p.</subfield>
    <subfield code="b">ill,</subfield>
    <subfield code="c">24cm.</subfield>
  </datafield>
  <datafield tag="500" ind1=" " ind2=" ">
    <subfield code="a">Includes bibliographical references and  index.</subfield>
  </datafield>
  <datafield tag="505" ind1=" " ind2=" ">
    <subfield code="a">Contents: Part one: Business strategy --  The Nature of strategic management : Fundementals -- Origins and deveploment of strategic management -- Objectives : Nature of objectives -- Mission statements -- Strategic objectives -- Management by objectives --Strategy formulation : The Process and the players -- Growth and acquisition strategies -- Divestment and turnaround strategies -- Portfolio anaysis -- Competitive strategy-- Forecasting: Nature and purpose of forecasting -- Techniques of forecasting -- Limitations of forecasting -- Management audits and environmental scanning : Management audits -- External environments -- Change, chaos and the learning organisation : The Challenge of change -- Restructuring organisations and processes -- Chaos and the learning organisation -- Culture -- Strategy and structure : Impact of strategy on structure -- Factors influencing the design of organizations -- Issues in organisational design -- Approaches to organisation structure -- Ethical considersations : Ethics, business and society -- Social responsibility -- Current issues in business ethics and social responsibility -- Part Two: Functional strategies: Marketing startegy : The Elements of maketing -- Product strategies -- Pricing strategies -- Distribution strategies -- Promotional strategies -- Customer-focused strategies -- Finanical strategy : Fundamentals  -- Financing the business -- Short- and long-termism -- Human resources strategy : The Central role of HRM -- The Four Cs model of human resource management -- Employee relations strategies -- Downsizing -- Recent developments in human resources mangement -- Management development -- Information technology strategy: The Business advantages of IT strategy -- Human resources aspects -- Selection of systems -- Organisational aspects -- Strategic management and the mangement information system -- Manufacturing strategy:  Nature of manufacturing strategy -- Production -- Flexible manufacturing -- Research and technical development -- Procurement -- Factory location -- Contract manufacturing, licensing and the protection of intellectual property -- Total quality management -- Environmental strategy : The Economic and social costs -- Assessing company policies -- Green marketing -- EU interventions -- Strategies for the internationlisation of operations: Choices and benefits -- Market entry -- Part Three: Planning and control -- Corporate planning : Planning and strategy -- Planning systems -- Techniques of planning : Measures of company potential -- Measures of company performance -- Network methods -- Other practical planning methods -- Quantitative planning models -- Uncertainty -- Top- down versus bottom-up planning -- Operational planning: Production and operations management -- Finanical planning -- Human resources planning -- Marketing plans -- Management control : Scope and methods -- Budgeting.</subfield>
  </datafield>
  <datafield tag="650" ind1=" " ind2=" ">
    <subfield code="a">Strategic planning</subfield>
  </datafield>
  <datafield tag="650" ind1=" " ind2=" ">
    <subfield code="a">Strategic management</subfield>
  </datafield>
  <datafield tag="942" ind1=" " ind2=" ">
    <subfield code="2">lcc</subfield>
    <subfield code="c">BK</subfield>
  </datafield>
  <datafield tag="999" ind1=" " ind2=" ">
    <subfield code="c">450</subfield>
    <subfield code="d">7950</subfield>
  </datafield>
  <datafield tag="952" ind1=" " ind2=" ">
    <subfield code="0">0</subfield>
    <subfield code="1">0</subfield>
    <subfield code="2">lcc</subfield>
    <subfield code="4">0</subfield>
    <subfield code="7">0</subfield>
    <subfield code="a">WIUC-1</subfield>
    <subfield code="b">WIUC-1</subfield>
    <subfield code="c">GEN</subfield>
    <subfield code="d">2012-01-23</subfield>
    <subfield code="l">0</subfield>
    <subfield code="o">HD30.28.B44</subfield>
    <subfield code="p">1212/11</subfield>
    <subfield code="r">2013-11-28 00:00:00</subfield>
    <subfield code="w">2012-01-23</subfield>
    <subfield code="y">BK</subfield>
  </datafield>
</record>
